000 00764nam a22002057a 4500
999 _c4398
_d4398
003 AR-CdUCM
008 190308b ||||| |||| 00| 0 spa d
040 _aMUNICIPALIDAD PROVINCIAL DEL CUSCO
_cBIBLIOTECA MUNICIPAL DEL CUSCO
082 _a869.56 /
_bG19
100 _aGálvez, José
_9225
245 _aNuestra pequeña historia /
260 _aLima :
_bUniversidad Nacional Mayor de San Marcos, Departamento de Publicaciones,
_c1966.
300 _a428 paginas ;
_c21 cm.
505 _aContenido :Hombres públicos -- Obras publicas -- El conde de Lemos -- Regatas -- Un relojito con historia ...
650 _aEnsayos peruanos
_9233
650 _aEnsayos de costumbres
_912066
650 _aLiteratura peruana
_9169
942 _2ddc
_cLIBROS
945 _arum